00568cam a2200193ua 45000010005000000080039000050200018000440400009000620410008000710820011000791000032000902450080001222600039002023000010002416530033002516530029002846530032003136530029003455365191012n ii |||gr||||Z||||||eng a81-7551-085-4 cMAIN aeng a821.54 aSwain, Rabindra K,eAuthor. aPoetry of Jayanta Mahapatra : ba critical study / cby Rabindra K Swain .  aNew Delhi:bPrestige books,c2000. a160p. aIndian literature in English aIndian poetry in English aPoetry of Jayanta Mahapatra aIndian poetry in English